000 00502nam a2200169 i 4500
001 46867
003 ES-MaACL
005 20250830023436.0
007 t|
008 030401s1964 sp ||||1| spa d
110 2 _aConsejo Episcopal Latinoamericano
_93210
245 1 0 _aCatecismo vocacional para muchachos /
_cConsejo Episcopal Latinoamericano.
260 _aBarcelona :
_bHerder,
_c1964.
300 _a61 p. ;
_c16 cm.
852 _aES-MaACL
_jC-25670
_bR.54264
999 _c46867
_d46867